000 00401nam a2200181Ia 4500
005 20240823054713.0
008 240823s9999||||xx |||||||||||||| ||und||
041 _aENGLISH
082 _A791.4575 Q2
100 _aBernard Shaw
245 4 _aThe Apple Cart
250 _a2st
260 _c2012
_bSurjeet Publica
500 _aYES
650 _aEnglish
_bEnglish
942 _cBK
999 _c227081
_d227081